000 00786nam a2200253Ia 4500
003 OSt
005 20220918164317.0
006 a|||||r|||| 00| 0
007 ta
008 220917b |||||||| |||| 00| 0 eng d
020 _a0521422469 (pbk)
_c1707.74
024 _a236,473
037 _b162, 15/10/2008, N. R. Book Distributors
_cTextual
040 _aARTS
_cARTS
_beng
041 _2eng
_aeng
082 _aR3jN10, N1
100 _aGriffiths A. Phillips Ed.
_918237
245 0 _aA. J. Ayer
_b memorial essays
260 _aCambridge
_bCambridge University Press UK
_c1991
300 _av,239p.
_ccm.
650 _aPHILOSOPHY
942 _hR3jN10, N1
_cTEXL
_2CC
999 _c124172
_d124172